00493nam a2200145 a 4500008004100000020001800041050001600059100001600075245009400091260003600185300001600221650003500237650003700272650003800309170113s2014 ||||||||||||||||| || u a9781412948760 aHD 62.4 Mac aMcCann, Leo10aInternational and comparative business: foundations of political economiescBy Leo McCann aLondonbSAGE Publicationsc2014 axvii, 376p. aINTERNATIONAL ECONOMIC ASPECTS 0aINTERNATIONAL ECONOMIC RELATIONS aINTERNATIONAL BUSINESS ENTERPRISE